Największe państwa na literę A - Statystyki

Ogólne statystyki
  • Ten quiz został rozwiązany 45 razy
  • Średni wynik to 4 z 5
Statystyki odpowiedzi
Powierzchnia (km²) Miejsce na świecie
pod względem powierzchni
Państwo % Poprawnych
7 682 300 6 Australia
100%
2 780 400 8 Argentyna
91%
2 381 741 10 Algieria
84%
2 149 690 12 Arabia Saudyjska
84%
1 246 700 22 Angola
79%
Nie znaleziono quizów pasujących do podanych kryteriów
Rozkład punktacji
Procent ludzi z każdym wynikiem
Percentyl według liczby udzielonych odpowiedzi
Twoja historia wyników
Nie rozwiązałeś tego quizu